Le marxisme devant les sociétés "primivites" : deux études /

Guardado en:
Detalles Bibliográficos
Autor principal: Terray, Emmanuel (autor)
Formato: Libro
Idioma:Francés
Edición:2a edición
Colección:(Recherches)
(Théorie)
Temas:
Etiquetas: Agrega una etiqueta
Sin etiquetas, Sé el primero en etiquetar este registro!

MARC

LEADER 00000nam^a2200000^a^4500
001 000072678
005 20250521000000.0
009 20260310091602.952
037 |a Acervo ITESO - Biblioteca 
041 |a FRA 
082 |a 149. 92  |b TER 
100 |a Terray, Emmanuel  |e (autor) 
245 1 3 |a Le marxisme devant les sociétés "primivites" :  |b deux études /  |c E. Terray. 
250 |a 2a edición 
264 |a París, Francia :  |b François Maspero,  |c 1972 
300 |a 173 p. 
336 |a texto  |b txt  |2 rdacontenido 
337 |a sin mediación  |b n  |2 rdamedio 
338 |a volumen  |b nc  |2 rdasoporte 
440 1 |a (Recherches) 
440 1 |a (Théorie) 
649 |a XX 
650 |a Filosofía del Siglo XX 
650 |a Marxismo 
650 |a Política -  |x Teoría 
910 |a Fondo Armando Suárez Gómez 
920 |a Impresos - Libros 
930 |a Fondos Especiales 
905 |a 111 
901 |a 0700001041  |b IT2  |c ESP  |u 20250521 
902 |a https://opac.biblio.iteso.mx/vufind/Record/000072678